000 00590nam a2200181 i 4500
001 73961
003 ES-MaACL
005 20250730063111.0
007 t|
008 040914s1905 sp ||||1| spa d
100 1 _aGonzález, Félix,
_d1878-1954
_9149408
245 1 0 _aEclipse de sol de 30 de agosto de 1905
_b: observaciones realizadas en Sigüenza por Félix González y Aresio Viveros.
260 _aMadrid :
_b[s.n.],
_c1905.
300 _a38 p. :
_bil. ;
_c24 cm.
650 0 4 _aEclipses solares-
_yS.XX.
_911993
852 _aES-MaACL
_jT-1067-F-8
999 _c73961
_d73961